| 000 | 00492nam a22001817a 4500 | ||
|---|---|---|---|
| 003 | CEME | ||
| 005 | 20210628203641.0 | ||
| 008 | 210317b xxu||||| |||| 00| 0 eng d | ||
| 020 | _a0-471-63301-1 | ||
| 040 | _c. | ||
| 082 | _a621.381 STE'V | ||
| 100 |
_aSteinberg, Dave S _966706 |
||
| 245 | _aVibration analysis for electronic equipement | ||
| 260 |
_aNEWYORK _bJOHN WILEY _c1988 |
||
| 300 | _a443P | ||
| 650 |
_aELECTRONIC APPARATUS AND APPLIANCES VIBRATION _966707 |
||
| 942 |
_cBK _2ddc |
||
| 999 |
_c574627 _d574627 |
||